000
00256nam a2200085Ia 4500
245
0
_a
The sun, the moon and the blanket of night
100
_a
HARTMANN, Wendy Pietermaritzburg, 2009
_9
76175
942
_c
BK
008
210818s9999 xx 000 0 und d
999
_c
452093
_d
452092